Statistiques concernant Personnages célèbres - Série 39

Cliquez ici pour prendre le quiz!

Statistiques générales

  • Ce quiz a été pris 91 fois
  • Le résultat moyen est 7 sur 15

Statistiques - réponses

Réponse% Correct
Donald Trump
96%
Angela Merkel
92%
Manuel Valls
82%
Christine Lagarde
61%
Sandrine Kiberlain
52%
Michel Rocard
48%
Grace Kelly
47%
Diane Kruger
42%
Arthur Jugnot
38%
Chantal Ladesou
38%
Tchéky Karyo
25%
Klaus Kinski
22%
Valérie Kaprisky
16%
Charlotte Julian
6%
George Kennedy
5%

Distribution des résultats

Percentile par nombre de réponses

% des personnes avec chaque résultat

Votre développement - résultats

Vous n’avez pas pris ce quiz